Harry Potter Characters by Picture - Statistics

General Stats
  • This quiz has been taken 129 times
  • The average score is 17 of 20
Answer Stats
Picture Answer % Correct
Harry Potter
100%
Lord Voldemort
96%
Albus Dumbledore
95%
Ron Weasley
95%
Draco Malfoy
93%
Ginny Weasley
93%
Hermione Granger
93%
Luna Lovegood
93%
Rubeus Hagrid
93%
Neville Longbottom
91%
Severus Snape
91%
Sirius Black
90%
Wormtail / Peter Pettigrew
85%
Bellatrix Lestrange
84%
Dudley Dursley
84%
Minerva McGonagall
82%
Filius Flitwick
76%
Xenophilius Lovegood
76%
Pomona Sprout
73%
Kingsley Shacklebolt
67%
No matching quizzes found
Score Distribution
Percent of People with Each Score
Percentile by Number Answered
Your Score History
You have not taken this quiz